| 000 | 01648nam a2200313Ia 4500 | ||
|---|---|---|---|
| 999 |
_c5040 _d5040 |
||
| 003 | OSt | ||
| 005 | 20200701201507.0 | ||
| 008 | 191128s2011 mx gr 000 0dspa d | ||
| 020 | _a9786071606068 | ||
| 040 |
_aCO-JMCR _cCO-JMCR |
||
| 041 | 0 | _aspa | |
| 082 | 0 | 4 |
_a330.36 / _bD871c _223 |
| 100 | 1 |
_aDurand, Jean Pierre, _eautor _96430 |
|
| 245 | 1 | 3 |
_aLa cadena invisible : _bflujo tenso y servidumbre voluntaria / _cJean-Pierre Durand ; presentación Enrique de la Garza Toledo |
| 250 | _aPrimera edición | ||
| 260 |
_aMéxico : _bFondo de Cultura Económica : Universidad Autónoma Metropolitana, _c2011 |
||
| 300 |
_a314 páginas ; _c21 cm. |
||
| 490 | 0 | _aObras de sociología | |
| 504 | _aIncluye bibliografía páginas 305-315. | ||
| 505 | 0 | _aReformas estructurales de la empresa : integración reticular y flujo tenso -- El trabajo con restricción de tiempo -- De la calificación a las competencias : evaluación de los comportamientos -- Flujo tenso y movilización de los trabajadores | |
| 520 | 0 | _aDurante los últimos años el mundo del trabajo se ha modificado profundamente. En el contexto de la globalización económica la precariedad de las ocupaciones, la inestabilidad de la mano de obra, los contratos inciertos y la exigencia de calidad. | |
| 650 | 1 | 4 |
_aAspectos sociales _xEmpleados _zEuropa _96431 |
| 650 | 2 | 4 |
_aEfecto de las innovaciones tecnológicas _xEuropa _96432 |
| 650 | 2 | 4 |
_aAdministración de empresas _xEuropa _96433 |
| 650 | 2 | 4 |
_aMovilidad laboral _xEuropa _96434 |
| 650 | 2 | 4 |
_aSociología industrial -- _xEuropa _96435 |
| 700 | 1 |
_aGarza Toledo de la, Enrique, _epresentación _96436 |
|
| 942 |
_2ddc _cBK |
||